00270 a2200133 4500001000700000020000600007040001100013100002100024240003100045245002600076300000700102362000900109440001800118190251 a  cMagnum aBraga, Cláudia10aO menino e o dragãolpor10aO menino e o dragão a240 a2010 1aMira Cultural